Celostné pohľady na predmet manažmentu nového tisícročia

Veda a objekty jej skúmania. Predmet a subjekty celostného manažmentu. Podstata kompetentnosti subjektov manažmentu. Členenie poznatkov jednotlivých pilierov kompetentnosti. Prejavy a dôsledky uplatňovania celostnej manažérskej kompetentnosti v praxi organizácie.

Guardado en:
Detalles Bibliográficos
Autor principal: Porvazník, Ján
Formato: Capítulo de libro
Lenguaje:eslovaco
Materias:
Etiquetas: Agregar Etiqueta
Sin Etiquetas, Sea el primero en etiquetar este registro!

MARC

LEADER 00000naa$a2200000$$$4500
001 0050918
005 20240502071604.7
041 0 |a slo 
044 |a SK 
245 1 0 |a Celostné pohľady na predmet manažmentu nového tisícročia  |c Ján Porvazník 
520 |a Veda a objekty jej skúmania. Predmet a subjekty celostného manažmentu. Podstata kompetentnosti subjektov manažmentu. Členenie poznatkov jednotlivých pilierov kompetentnosti. Prejavy a dôsledky uplatňovania celostnej manažérskej kompetentnosti v praxi organizácie. 
610 2 0 |a manažment 
610 2 0 |a veda 
610 2 0 |a pojmy 
610 2 0 |a riadenie 
610 2 0 |a kompetencie 
610 2 0 |a odbornosť 
100 1 |a Porvazník, Ján